Регионална библиотека "Любен Каравелов" - Русе

Методика на чуждоезиковото обучение (Запис номер 43881)

MARC детайли
000 -Лидер
Контролно поле с фиксирана дължина 01377nam a2200325 c 4500
003 - Код на организацията, давaща контролен номер
Контролно поле BLK
005 - Дата и час на последна редакция
Контролно поле 20180420221505.0
008 - Елементи от данни с фиксирана дължина
fixed length control field 180408b bul|||||r ||||||| ||bul||
010 ## - Наследен системен номер
LC control number KNG00047630000
040 ## - Източник на каталожния запис
Идентификатор на билиотеката - собственик на записа BLK
041 ## - Код за език
Код за езика на текст/звукозапис или на отделно заглавие Български
Код за езика КДБФ Български
Други езици Немски
080 ## - УДК
Текстов определител УДК Немски език (високонемски, стандартен писмен)
УДК код - определител по УДК 811.112.2
УДК определител (072)
УДК - код + определител 811.112.2(072)
100 1# - Редна дума - Автор
Автор Илиева, Ана Димитрова
Авторска отговорност първи автор
R(LIN) 278987
139 ## - Редно поле
Редна дума Илиева, Ана Димитрова
Авторски знак Илие - И 52
245 10 - Сведения за заглавието
Заглавие Методика на чуждоезиковото обучение
Подзаглавни данни Нем. ез. : Учебник за студентите по нем. филология
Редно поле (дума) Ана Димитрова Илиева.
250 ## - Област на изданието
Сведения за изданието 5. доп. изд.
257 ## - Страна на издаване
Страна на създаване/издаване България
260 ## - Област на издателските данни
-- София
Име на издателя, разпространителя и проч. Наука и изкуство
Година на издаване 1987
Печатница Варна : Ст. Добрев-Странджата
300 ## - Физическа характеристика
Страници 294 с
Размери/Мащаб 22 см
380 ## - Жанр
Жанр Езикознание. Филология
500 ## - Общи забележки
Забележка 1. изд. 1954. - Библиогр. с. 289-291
650 #4 - Допълнително описание по предмет – тема
Основно описание – тема или топоним Немски език - методика на преподаването
9 (RLIN) 242364
653 ## - Ключова дума – ненормативна
Ключова дума немски език
653 ## - Ключова дума – ненормативна
Ключова дума методика на преподаването
852 ## - Местоположение
Форматна сигнатура Цб 148762
856 4# - Електронен адрес и достъп
Електронен формат pdf - файл
Път до файла /url/
856 4# - Електронен адрес и достъп
Електронен формат pdf - файл
Път до файла /url/
942 ## - АРТИКУЛИ
Вид на библиотечния материал Книги
Скрит в OPAC Не
944 ## - СЪЗДАВАНЕ И РЕДАКЦИЯ на ЗАПИСА
Създаване/Редакция Създаване
Дата на регистрацията/редакция 25.06.2004
Служител, извършил регистрацията/редакцията Теодора_Стоянова
944 ## - СЪЗДАВАНЕ И РЕДАКЦИЯ на ЗАПИСА
Създаване/Редакция Редакция
Дата на регистрацията/редакция 19.08.2015
Служител, извършил регистрацията/редакцията
999 ## - СИСТЕМНИ КОНТРОЛНИ НОМЕРА
Koha biblionumber 43881
Koha biblioitemnumber 43881
Наличности
Код за отписване Код за изгубен артикул Източник на класификационната схема Код за повреда Коз за рестрикции Код за отдаване Артикулен № Име на библиотеката - собственик Име на библиотеката, в която се намира в момента Статус (Текущо местоположение) Местоположение - отдел Цена в лева Инвентарен номер Систематично азбучна сигнатура Баркод Номер на екземпляра Цена в евро Служебна бележка Служебен тип на артикула Дата на вписване в системата
Изтеглен Не е изгубен Universal Decimal Classification Не е повреден без рестрикции заемане за дома 68873 Регионална библиотека "Любен Каравелов" Русе Регионална библиотека "Любен Каравелов" Русе ЧЧЗО - англ. ез. - Британски съвет ЧЧЗО - англ. ез. - Британски съвет 1.25 478718 Ч3 803.0(072)/И 52 478718 1 0.64 Дата инв: 20.03.2015 Бележки инв: Ч32015 Книги  
Изтеглен Не е изгубен Universal Decimal Classification Не е повреден без рестрикции заемане за дома 68874 Регионална библиотека "Любен Каравелов" Русе Регионална библиотека "Любен Каравелов" Русе Заемна - подръчен фонд Заемна - подръчен фонд 1.25 478717 П 803.0/И 52 478717 2 0.64 Дост: Pk Вид: Ф N: стар фонд Дата: 01.01.1987 Книги 1987-01-01
  Не е изгубен Universal Decimal Classification Не е повреден без рестрикции ползва се в читалня 68875 Регионална библиотека "Любен Каравелов" Русе Регионална библиотека "Любен Каравелов" Русе Хранилище Хранилище 1.25 480224 Цб 148762 120000480224 3 0.64 Дост: Dp Вид: Д N: стар фонд Дата: 01.01.1987 Книги 1987-01-01
Vip Innovations Ltd, Rousse, Bulgaria 2025